000 00803cab a2200241 4500
001 WB3040-11
008 090401t1994 xxu||||| |||| 00| 0 eng d
035 _a(Sirsi) u75598
041 _aeng
245 _aAutumn investment low
260 _c1994
350 _a0
490 _aDaily Telegraph
_v25 October 1994, 33(1)
520 _aA continuing fall in equity and bond prices and a rise in interest rates has resulted in a low volume of deals and further falls in property values during September.
650 _aFORECASTS
650 _aINSTITUTIONAL PROPERTY FORECASTING SERVICE
650 _aINVESTMENT MARKET
650 _aIPD MONTHLY INDEX
650 _aIPFS
690 _aPROPERTY-COMMERCIAL PROPERTY-COMMERCIAL PROPERTY FINANCE AND INVESTMENT
942 _n0
948 _c04/03/1997
999 _c47558
_d47558